| 000 | 01579nam a22002777a 4500 | ||
|---|---|---|---|
| 005 | 20111017113353.0 | ||
| 010 | _aB-444470-474 | ||
| 020 |
_a8182634113 _c15.00 |
||
| 035 | _aB-444470-474 | ||
| 037 |
_aDPL _bBlue Berry/Ven |
||
| 082 | _aS | ||
| 100 |
_aJaiswal, Sanjiv 'Sanjay' _937134 |
||
| 245 |
_aRain, Rain / _c by Sanjiv Jaiswal 'Sanjay; illustrated by Ajit Narayan; translated by Manisha Chaudhry |
||
| 250 | _a3rd | ||
| 260 |
_aNew Delhi _bPratham Books _c2010 |
||
| 270 |
_a633-634,4th "C" Main,6th 'B' Cross, OMBR Layout Banaswadi, _bBangalore _e560043 _k911141042483 (New Delhi) |
||
| 300 |
_a13p. _bill. _c18 cm.(pbk) |
||
| 700 | _935533 | ||
| 942 |
_2ddc _cCH _hS _mJAI |
||
| 999 |
_c57699 _d57699 |
||